000 01005nam a22002177a 4500
005 20140415114824.0
008 140407b xxu||||| |||| 00| 0 hin d
010 _aHIN-102147
020 _c700.00
_a9789382353089
035 _aHN-74493
037 _bDBAD / PUB
040 _adpl
_bHIN
082 _a307.14
100 _aपाण्डेय, सुरेन्द्र
245 _aविकास और परिवर्तन का समाजशास्त्र /
_cडाँ. सुरेन्द्र पाण्डेय एवं संजय कुमार झा
260 _aराँची
_bएस.के.पब्लिशिंग
_c2013-14
270 _aसरोवर विहार, नियर दिव्यायन मोराबादी
_bराँची
_k0651- 2552094
300 _a254पृ
_c22सेमी (सजिल्द)
700 _aझा, संजय कुमार
942 _2ddc
_cHN
_h307.14
_mपाण्डेय
999 _c83448
_d83448